GR4 Líderes Rusia / URSS - Estadísticas

Estadísticas generales
  • Esta prueba ha sido intentada 14 veces
  • La puntuación promedio es 3 de 93
Estadísticas de respuestas
Hint Respuesta % Correcto
Líder 1985-1991 Mijaíl Gorbachov
50%
Despotismo ilustrado 1762–1796 Catalina II la Grande
40%
Año final Nicolás II 1917
30%
Comandante militar 2GM Gueorgui Zhúkov
20%
Líder 1964–1982 Leonid Brézhnev
20%
Líder 1953-1964 Nikita Jrushchov
20%
Reforma económica Gorbachov Perestroika
20%
Presidente Gobierno Provisional durante Rev Octubre Aleksandr Kérenski
10%
Asesino Grigori Rasputín 1 Demetrio Románov
10%
Manifiesto Zimmerwald (1915) León Trotski
10%
Firmante Pacto URSS 1922 Rusia Mijaíl Kalinin
10%
Líder 1982-1984 Yuri Andrópov
10%
Abdicación Nicolás II (día gregoriano) 15 marzo 1917
0%
Año final Alejandro I 1825
0%
Año final Nicolás I 1855
0%
Año final Alejandro II 1881
0%
Año final Alejandro III 1894
0%
Abdicación Nicolás II (día juliano) 2 marzo 1917
0%
Muerte de Stalin 5 marzo 1953
0%
Firmante Pacto URSS 1922 Bielorrusia Aleksándr Cherviakov
0%
Último M Interior Aleksandr Prokopóvich
0%
Escritor disidente Aleksandr Solzhenitsyn
0%
Reformista del Politburó Aleksandr Yakovlev
0%
Reforma mercado 1965 Alekséi Kosyguin
0%
Comité Central Industrias de Guerra Alexander Guchkov
0%
Ejército Blanco, Gobernante Supremo Alexander Kolchak
0%
Ideas del manifiesto Zimmerwald Alexander Parvus
0%
Ministro Interior Revolución Febrero Alexander Protopopov
0%
Autoprocalamado P interino Casa Blanca 1993 Alexandr Rutskói
0%
Matado por Putin Alexéi Navalni
0%
Privatizaciones masivas 1992–1994 Anatoli Chubáis
0%
Último P Sóviet Supremo URSS Anatoli Lukianov
0%
Figura no alineada 3 Anatoli Sobchak
0%
Doctrina reintegración, canciller Andréi Kozirev
0%
Figura no alineada 1 Andréi Sájarov
0%
Físico nuclear y disidente DDHH Andréi Sájarov
0%
Episodio final 1923 rendición Ayano-Maysky
0%
Acuerdo disolución URSS Belavezha
0%
Oligarca automoción y energía Borís Berezovski
0%
Oligarca mediático y financiero 1990s Borís Berezovski
0%
Forzado al exilio Boris Nemtsov
0%
Líder GdE 1991 2, M Interior Borís Pugo
0%
Primer presidente Federación Rusa, 1991–1999 Borís Yeltsin
0%
Pluralismo político limitado Gorbachov Demokratizatsiya
0%
P 2008-2012 Dmitri Medvédev
0%
Líder GdE 1991 1, M Defensa Dmitri Yázov
0%
Sistema de poder dual Dvoevlastiye
0%
Asesino Grigori Rasputín 1 Félix Yusúpov
0%
Defensista moderado, menchevique Fiódor Dan
0%
Figura no alineada 2 Gavriil Popov
0%
Espacio público Gorbachov Glásnost
0%
Firmante Pacto URSS 1922 Ucrania Grigori Petrovski
0%
Estrategia gradual 2 Grigori Zinóviev
0%
Primer Jefe Gobierno Provisional (kadete) Gueorgui Lvov
0%
P de Rosneft, figura energética clave Ígor Sechin
0%
Internacionalista, menchevique Iuli Mártov
0%
Líder 1984 Konstantín Chernenko
0%
Firmante Ucrania Kravchuk
0%
Golpe agosto 1917, comandante supremo ejército Lavr Kornilov
0%
Estrategia gradual 1 Lev Kámenev
0%
Firmante Pacto URSS 1922 URSS Mijaíl Frunze
0%
Oligarca 1995–2003 Yukos; encarcelado 2003–2013 Mijaíl Jodorkovski
0%
Firmante Pacto URSS 1922 Transcaucasia Mikhail Tskhakaya
0%
Resistencia Ucrania Néstor Makhno
0%
P Sóviet Petrogrado 1917, menchevique Nikolái Chjeídze
0%
Único caso mencheviques, Georgia 1918–1921 Noé Jordania
0%
Ejército Blanco, sede Omsk
0%
Kadete del P Constitucional Democrático Pavel Miliukov
0%
PM 1906–1911, reformas agrarias y traidor Revolución 1905 Piotr Stolypin
0%
Resistencia Crimea Piotr Wrangel
0%
Abdicación Nicolás II (lugar) Pskov
0%
Oligarca de Sibneft, petróleo Román Abramóvich
0%
Líder atrincheramiento Casa Blanca 1993 Ruslán Jasbulátov
0%
Consejo Supremo Economía Nacional figuras Rýkov y Krasin
0%
General al mando de Nicolás II Serguéi Khabalov
0%
MAE actual Serguéi Lavrov
0%
Secretario Consejo Seguridad actual Serguéi Shoigú
0%
PM 1905–1906, arquitecto industrialización Serguéi Witte
0%
Firmante Bielorrusia Shushkévich
0%
Doctrina 1999 Putin protección de oligarcas Siloviki
0%
Primera víctima de Tribunales revolucionarios Sofía Panina
0%
Levantamiento antibolchevique campesino Tambov
0%
CE sin autoridad 3 junio 1907 Ukaz
0%
JEMAD Valeri Guerásimov
0%
P Consejo de Comisarios del Pueblo 1930–1941 Viacheslav Mólotov
0%
Oligarca banca Vladímir Gusinski
0%
Líder GdE 1991 3 Vladímir Kriuchkov
0%
Asesino Grigori Rasputín 1 Vladímir Purishkévich
0%
Arquitecto terapia de choque 1992 Yegor Gaidar
0%
Líder Grupo Wagner 2014–2023 Yevgueni Prigozhin
0%
Diplomacia multipolar 1998–1999 Yevgueni Primakov
0%
Líder Chechenia Yojar Dudáyev
0%
Contrarios a Zimmerwald Zinóviev y Radek
0%
No se encontraron pruebas coincidentes
Distribución de puntuación
Porcentaje de gente con cada puntuación
Porcentaje por número respondido
Historial de tus puntuaciones
No has intentado esta prueba.